000 01075cam a22002294a 4500
005 20250605163929.0
008 250528s ||||||||||||||||||||||||d
035 _a14622
020 _a195101006
040 _aGR-AtMCL
_bgre
_dGR-AtMCL
_eAACR2
245 1 _aWorking Memory and Human Cognition
260 _bOxford University Press,
_c1996
300 _a164
520 _aThis book compares and contrasts different conceptions of working memory, generally recognized as the mechanism within the human cognitive system that is responsible for the temporary storage and processing of information. Contributors, Evolving Concepts of Working Memory, The Seven Ages of Working Memory, Working Memory and Aging: Current Status of the Inhibitory View, Working Memory and Retrieval: An Inhibition Resource Approach, Evolving Issues in Working Memory, Author and Subject Index.
700 1 _aEngle Randall W
_9353
700 1 _aHasher Lynn
_9354
700 1 _aLogie Robert H.
_9355
700 1 _aRichardson John T.E
_9356
942 _cBK
999 _c246
_d246